Statistiques concernant Pays les plus proches de la mer Égée

Cliquez ici pour prendre le quiz!

Statistiques générales

  • Ce quiz a été pris 72 fois
  • Le résultat moyen est 16 sur 20

Statistiques - réponses

kmpays% Correct
0Grèce
95%
0Turquie
95%
343Italie
92%
396Chypre
89%
403Croatie
89%
30Bulgarie
88%
131Albanie
86%
386Égypte
86%
293Roumanie
86%
191Serbie
86%
209Kosovo
83%
57Macédoine du Nord
83%
411Bosnie-Herzégovine
77%
312Monténégro
77%
289Libye
69%
547Moldavie
68%
637Hongrie
62%
699Russie
62%
535Ukraine
60%
681Syrie
57%

Distribution des résultats

Percentile par nombre de réponses

% des personnes avec chaque résultat

Votre développement - résultats

Vous n’avez pas pris ce quiz